[Event "Olomouc Chess Summer 2024 - D2"]
[Site "Olomouc (CZE), Hotel Flora"]
[Date "2024.08.10"]
[Round "1"]
[Board "16"]
[White "Green, Per"]
[Black "Kostal, Zdislav"]
[Result "1-0"]
[WhiteElo "1960"]
[BlackElo "1760"]
[PlyCount "0"]
[EventDate "2024.08.10"]
[EventRounds "9"]
[EventCountry "CZE"]

1. c4 c5 2. g3 Nc6 3. Bg2 Nf6 4. Nf3 g6 5. Nc3 Bg7 6. d4 cxd4 7. Nxd4 O-O 8. O-O
a6 9. c5 h6 10. h3 Re8 11. Be3 Qc7 12. Rc1 Rb8 13. Qd2 Kh7 14. Rfd1 Qa5 15. Nb3 Qc7
16. Nd5 Qd8 17. Nxf6+ exf6 18. Bxc6 bxc6 19. Bf4 Rb5 20. Nd4 Qa5 21. Nxb5 Qxb5 22.
Be3 a5 23. b3 Re5 24. Qd3 Qb7 25. Rd2 f5 26. Qc4 Re6 27. Bd4 Bf8 28. Rcd1 Qa7 29.
Qc3 Qa6 30. e3 Qa7 31. Rc1 Qc7 32. Qc4 Kg8 33. Bb2 Be7 34. Qf4 Qxf4 35. gxf4 f6 36.
Rd4 Re4 37. Rxe4 fxe4 38. Rc4 f5 39. Ba3 Kf7 40. Ra4 Bd8 41. b4 Ba6 42. bxa5 Ke6
43. Rd4 Bc7 44. Bb4 g5 45. fxg5 hxg5 46. Be1 Bd3 47. Kg2 f4 48. exf4 gxf4 49. a6
Bxa6 50. Rxe4+ Kd5 51. Re7 Bc8 52. Bb4  1-0

[Event "Olomouc Chess Summer 2024 - D2"]
[Site "Olomouc (CZE), Hotel Flora"]
[Date "2024.08.10"]
[Round "1"]
[Board "17"]
[White "Privoznik, Lubos"]
[Black "Keprt, Pavel"]
[Result "0-1"]
[WhiteElo "1755"]
[BlackElo "1954"]
[PlyCount "0"]
[EventDate "2024.08.10"]
[EventRounds "9"]
[EventCountry "CZE"]

1. e4 e6 2. d4 d5 3. exd5 exd5 4. Bd3 Bd6 5. Nf3 Nf6 6. Qe2+ Qe7 7. Qxe7+ Bxe7 8.
O-O O-O 9. Re1 Bd6 10. Nc3 c6 11. h3 h6 12. Ne2 Nbd7 13. Bf4 Bxf4 14. Nxf4 Re8 15.
Rxe8+ Nxe8 16. Re1 Ndf6 17. Ne5 Nd6 18. c3 Bf5 19. Bxf5 Nxf5 20. f3 Rc8 21. Kf2 Kf8
22. Ned3 g5 23. Ne2 b6 24. Rc1 Nd6 25. b3 Nd7 26. Ng3 f6 27. Re1 Kf7 28. Ke3 c5 29.
dxc5 bxc5 30. Rd1 Ke6 31. Kf2 Ne5 32. Re1 c4 33. Nxe5 fxe5 34. b4 a5 35. bxa5 Ra8
36. Ne2 Kf6 37. Rb1 Rxa5 38. Rb2 Ke6 39. g3 Ra6 40. Ke3 Nf5+ 41. Kf2 Rd6 42. f4 gxf4
43. gxf4 e4 44. Nd4+ Nxd4 45. cxd4 Kf5 46. Ke3 Ra6  0-1

[Event "Olomouc Chess Summer 2024 - D2"]
[Site "Olomouc (CZE), Hotel Flora"]
[Date "2024.08.10"]
[Round "1"]
[Board "18"]
[White "Marek, Jiri"]
[Black "Steensma, Frank"]
[Result "1-0"]
[WhiteElo "1948"]
[BlackElo "1753"]
[PlyCount "0"]
[EventDate "2024.08.10"]
[EventRounds "9"]
[EventCountry "CZE"]

1. e4 c5 2. Nf3 e6 3. c3 Nf6 4. e5 Nd5 5. d4 cxd4 6. cxd4 Nc6 7. Nc3 Nxc3 8. bxc3
a6 9. a4 d6 10. Bf4 Be7 11. Bd3 h6 12. O-O g5 13. Bg3 g4 14. exd6 Bxd6 15. Nd2 f5
16. Qe2 Bxg3 17. fxg3 O-O 18. Nc4 Rb8 19. a5 Ne7 20. Nb6 Nd5 21. Nxd5 Qxd5 22. Qe3
Kg7 23. c4 Qd6 24. Bc2 Rd8 25. Rad1 b6 26. axb6 Bb7 27. c5 Qc6 28. Qe5+ Kf7 29. Rf2
Rd5 30. Qxb8  1-0

[Event "Olomouc Chess Summer 2024 - D2"]
[Site "Olomouc (CZE), Hotel Flora"]
[Date "2024.08.10"]
[Round "1"]
[Board "19"]
[White "Kolmas, Oldrich"]
[Black "Voegerl, Ronald"]
[Result "1/2-1/2"]
[WhiteElo "1746"]
[BlackElo "1948"]
[PlyCount "0"]
[EventDate "2024.08.10"]
[EventRounds "9"]
[EventCountry "CZE"]

1. e4 c5 2. Nf3 d6 3. Bb5+ Bd7 4. Bxd7+ Nxd7 5. Nc3 Ngf6 6. O-O g6 7. d4 cxd4 8.
Nxd4 a6 9. f4 Bg7 10. Kh1 Qc7 11. Nd5 Nxd5 12. exd5 Nb6 13. f5 Nxd5 14. c3 Nf6 15.
Bg5 O-O-O 16. Qb3 Ne4 17. Qxf7 Bxd4 18. Qe6+ Kb8 19. Qxe4 Be5 20. Bf4 gxf5 21. Qxf5
Rdf8 22. Qe4 Bxf4 23. Rxf4 e5 24. Rxf8+ Rxf8 25. Rd1 Qf7 26. h3 Rd8 27. b3 h5 28.
c4  1/2-1/2

[Event "Olomouc Chess Summer 2024 - D2"]
[Site "Olomouc (CZE), Hotel Flora"]
[Date "2024.08.10"]
[Round "1"]
[Board "20"]
[White "Siebenburger, Vlastimil"]
[Black "Brnak, Jan"]
[Result "1-0"]
[WhiteElo "1943"]
[BlackElo "1744"]
[PlyCount "0"]
[EventDate "2024.08.10"]
[EventRounds "9"]
[EventCountry "CZE"]

1. e4 d5 2. exd5 Qxd5 3. Nc3 Qa5 4. d4 Nf6 5. Bc4 Bf5 6. Bd2 c6 7. Ne4 Qc7 8. Ng3
Bg6 9. Nf3 e6 10. h4 Nh5 11. Ne5 Nxg3 12. fxg3 Bd6 13. Bf4 Nd7 14. h5 Be4 15. Qe2
Nf6 16. h6 Bd5 17. hxg7 Rg8 18. Bd3 O-O-O 19. c4 Bxg2 20. Qxg2 Bb4+ 21. Ke2 Rxg7
22. Qf2 Qb6 23. Be3 Be7 24. b3 Qc7 25. Rh6 Ng4 26. Nxg4 Rxg4 27. Rxh7 Rdg8 28. Rah1
Rxg3 29. Rh8 Qa5 30. Qxg3  1-0

[Event "Olomouc Chess Summer 2024 - D2"]
[Site "Olomouc (CZE), Hotel Flora"]
[Date "2024.08.10"]
[Round "1"]
[Board "21"]
[White "Collins, Alan"]
[Black "Papay, Jindrich"]
[Result "0-1"]
[WhiteElo "1742"]
[BlackElo "1941"]
[PlyCount "0"]
[EventDate "2024.08.10"]
[EventRounds "9"]
[EventCountry "CZE"]

1. d4 f5 2. Nf3 Nf6 3. Bf4 c6 4. e3 g6 5. c3 Qb6 6. Qb3 Bg7 7. Nbd2 d5 8. h3 O-O
9. Ne5 Nbd7 10. Ndf3 Nxe5 11. Nxe5 Nd7 12. Nd3 Qd8 13. Be2 h6 14. h4 Kh7 15. O-O-O
Re8 16. Ne5 Rf8 17. Nxd7 Qxd7 18. Rdg1 h5 19. Qc2 Qe8 20. f3 e5 21. Bg5 exd4 22.
exd4 c5 23. Qd2 cxd4 24. cxd4 f4 25. Re1 Qa4 26. b3 Qxd4 27. Qxd4 Bxd4 28. Rd1 Be3+
 0-1

[Event "Olomouc Chess Summer 2024 - D2"]
[Site "Olomouc (CZE), Hotel Flora"]
[Date "2024.08.11"]
[Round "2"]
[Board "1"]
[White "Kisa, Lubomir"]
[Black "Dvorak, Vladimir"]
[Result "1-0"]
[WhiteElo "2188"]
[BlackElo "1931"]
[PlyCount "0"]
[EventDate "2024.08.10"]
[EventRounds "9"]
[EventCountry "CZE"]

1. Nf3 e6 2. b3 f5 3. Bb2 Nf6 4. c4 b6 5. g3 Bb7 6. Bg2 Be7 7. O-O O-O 8. d3 Qe8
9. Nbd2 d6 10. e4 fxe4 11. Ng5 Bd8 12. Ndxe4 Nxe4 13. Nxe4 Nc6 14. Qg4 e5 15. Ng5
Bxg5 16. Qxg5 Qd8 17. Qg4 Rb8 18. f4 Qe8 19. Rae1 Nb4 20. Bxb7 Rxb7 21. fxe5 Nxd3
22. Rxf8+ Qxf8 23. Rf1 Qe7 24. Qc8+  1-0

[Event "Olomouc Chess Summer 2024 - D2"]
[Site "Olomouc (CZE), Hotel Flora"]
[Date "2024.08.11"]
[Round "2"]
[Board "3"]
[White "Tarakanov, Oleg"]
[Black "Kruska, Vladimir"]
[Result "1-0"]
[WhiteElo "2108"]
[BlackElo "1893"]
[PlyCount "0"]
[EventDate "2024.08.10"]
[EventRounds "9"]
[EventCountry "CZE"]

1. e4 c5 2. Nf3 d6 3. c3 Nf6 4. Bc4 e6 5. Qe2 Be7 6. d4 cxd4 7. cxd4 d5 8. Bb5+ Bd7
9. Bxd7+ Qxd7 10. e5 Ne4 11. O-O O-O 12. Nbd2 Nxd2 13. Bxd2 Nc6 14. Rfe1 Bb4 15.
Bxb4 Nxb4 16. a3 Nc6 17. b4 a6 18. Qd3 Qe7 19. Rac1 Rfc8 20. h4 Na7 21. Rc5 b6 22.
Rxc8+ Nxc8 23. Rc1 b5 24. Ng5 g6 25. Rc6 h6 26. Nxe6 Qd7 27. Qc2 fxe6 28. Qxg6+  1-0

[Event "Olomouc Chess Summer 2024 - D2"]
[Site "Olomouc (CZE), Hotel Flora"]
[Date "2024.08.11"]
[Round "2"]
[Board "4"]
[White "Bartos, Alois"]
[Black "Kubicek, Antonin"]
[Result "1/2-1/2"]
[WhiteElo "1931"]
[BlackElo "2084"]
[PlyCount "0"]
[EventDate "2024.08.10"]
[EventRounds "9"]
[EventCountry "CZE"]

1. e4 c5 2. c3 Nf6 3. e5 Nd5 4. Bc4 Nb6 5. Bb3 c4 6. Bc2 Nc6 7. Qe2 d6 8. exd6 Qxd6
9. b3 Be6 10. Na3 Ne5 11. Nf3 Nxf3+ 12. gxf3 cxb3 13. axb3 a6 14. c4 Nd7 15. Bb2
Nf6 16. Be5 Qd7 17. Nb5 Rc8 18. Nd4 Bh3 19. Rg1 Qd8 20. Rg3 Bd7 21. f4 e6 22. f5
g6 23. fxe6 fxe6 24. Rxg6 hxg6 25. Bxg6+ Ke7 26. Nf5+ exf5 27. Bc7+ Be6 28. Bxd8+
Rxd8 29. Bxf5 Rd6 30. O-O-O Kf7 31. Bxe6+ Rxe6 32. Qf3 Rc6 33. d4 Rc7 34. d5 Bd6
35. Qf5 Re7 36. Rg1 Be5 37. f4 Bd4 38. Rd1 Be3+ 39. Kb1 Rh5 40. Qd3 Bxf4 41. h3 Re3
42. Qf1 Be5 43. Rd3 Rxd3 44. Qxd3 Bd6 45. Qc3 Be5 46. Qf3 b6 47. Qe3 Kg6 48. b4 Bc7
49. d6 Bd8 50. c5 bxc5 51. bxc5 Rd5 52. Qg3+ Kf7 53. Qb3 Ke6 54. Qc4 Kd7 55. Qa4+
Ke6 56. Qc6 Ke5 57. Qc8 Ba5 58. h4 Bb4 59. d7 Nxd7 60. c6 Nf6 61. c7 Bd6 62. Qb8
Rc5 63. Qb2+ Ke6 64. Qe2+ Kd7 65. Qd3 Rxc7 66. Qxa6 Rc5 67. Qa4+ Ke6 68. Qb3+ Rd5
69. Qc4 Ke5 70. Qc3+ Kf5 71. Qh3+ Kg6 72. Qg2+ Kf7 73. Qa2 Bf4 74. Qb3 Kg6 75. Qf3
Rf5 76. Qd3 Be5 77. Qc2 Bg3 78. Qg2 Nh5 79. Qc6+ Rf6 80. Qe8+ Rf7 81. Qe4+ Rf5 82.
Qe8+ Kf6 83. Qf8+ Ke5 84. Qb8+ Ke4 85. Qb7+ Ke3 86. Qb6+ Kf3 87. Qd4 Nf4 88. Qd1+
Ke4 89. Qc2+ Ke5 90. Qc3+ Ke4 91. Qxg3 Rb5+ 92. Ka2 Rd5 93. Qe1+ Kf5 94. Qg3 Ke4
95. Qe1+ Kf5 96. Qh1 Kg4 97. Qe4 Rh5  1/2-1/2

[Event "Olomouc Chess Summer 2024 - D2"]
[Site "Olomouc (CZE), Hotel Flora"]
[Date "2024.08.11"]
[Round "2"]
[Board "5"]
[White "Pesek, Petr"]
[Black "Fleuren, Jan"]
[Result "1/2-1/2"]
[WhiteElo "1903"]
[BlackElo "2049"]
[PlyCount "0"]
[EventDate "2024.08.10"]
[EventRounds "9"]
[EventCountry "CZE"]

1. e4 c5 2. Nc3 Nc6 3. g3 g6 4. Bg2 Bg7 5. d3 d6 6. Nge2 Nh6 7. h3 f5 8. O-O O-O
9. Be3 e5 10. Qd2 f4 11. gxf4 Qh4 12. f5 gxf5 13. Bg5 Qh5 14. Ng3 Qg6 15. exf5 Nxf5
16. Kh2 Kh8 17. Rg1 Ncd4 18. Nd5 Bd7 19. c3 Ne6 20. Be3 Nh4 21. Ne4 Qh5 22. Qd1 Qxd1
23. Raxd1 Nxg2 24. Rxg2 Bc6 25. Ne7 Rad8 26. Nd5 Ra8  1/2-1/2

[Event "Olomouc Chess Summer 2024 - D2"]
[Site "Olomouc (CZE), Hotel Flora"]
[Date "2024.08.11"]
[Round "2"]
[Board "6"]
[White "Fiser, Jiri"]
[Black "Kamminga, Rob"]
[Result "1/2-1/2"]
[WhiteElo "1883"]
[BlackElo "1998"]
[PlyCount "0"]
[EventDate "2024.08.10"]
[EventRounds "9"]
[EventCountry "CZE"]

1. e4 c5 2. Nf3 Nc6 3. d4 cxd4 4. Nxd4 g6 5. c4 Bg7 6. Nc2 Nf6 7. Nc3 O-O 8. Be2
d6 9. O-O Bd7 10. Be3 Rc8 11. f3 Ne5 12. b3 a6 13. Qd2 Qc7 14. Nb4 Bc6 15. Rac1 Rfe8
16. Nbd5 Bxd5 17. Nxd5 Nxd5 18. exd5 e6 19. f4 Nd7 20. dxe6 Rxe6 21. Bf3 Nc5 22.
Bd5 Re7 23. Rce1  1/2-1/2

[Event "Olomouc Chess Summer 2024 - D2"]
[Site "Olomouc (CZE), Hotel Flora"]
[Date "2024.08.11"]
[Round "2"]
[Board "7"]
[White "Stancak, Andrej"]
[Black "Kulhavy, Frantisek"]
[Result "1/2-1/2"]
[WhiteElo "1986"]
[BlackElo "1889"]
[PlyCount "0"]
[EventDate "2024.08.10"]
[EventRounds "9"]
[EventCountry "CZE"]

1. e4 c5 2. Nf3 e6 3. d4 cxd4 4. Nxd4 a6 5. Nc3 Qc7 6. Bd3 Nf6 7. O-O Nc6 8. Nb3
b5 9. Be3 Bb7 10. f4 d6 11. Qf3 Ne7 12. Bd4 Nf5 13. Bf2 Be7 14. Qe2 Nh6 15. Kh1 d5
16. e5 Nd7 17. Rae1 Nc5 18. Nxc5 Bxc5 19. Bh4 Bb4 20. Qh5 Be7 21. Bg5 d4 22. Bxh6
gxh6 23. Ne4 Rg8 24. Qxh6 O-O-O 25. Re2 Rdf8 26. Qh3 h5 27. c3 dxc3 28. Nxc3 h4 29.
Be4 Qc4 30. Bxb7+ Kxb7 31. Qf3+ Kb8 32. Re4 Qc7 33. f5 Rd8 34. f6 Bc5 35. a4 b4 36.
Na2 Rd2 37. Nxb4 Qb6 38. Nd3 Rgxg2 39. Qxg2 Rxg2 40. Kxg2 Qc6 41. Nxc5 Qxc5 42. Rff4
a5 43. Rxh4 Qc2+ 44. Kg3 Qxb2 45. Kg4 Qg2+ 46. Kf4 Qf2+ 47. Kg4 Qg2+ 48. Kf4  1/2-1/2

[Event "Olomouc Chess Summer 2024 - D2"]
[Site "Olomouc (CZE), Hotel Flora"]
[Date "2024.08.11"]
[Round "2"]
[Board "8"]
[White "Chubar, Vladimir"]
[Black "Petras, Milan"]
[Result "1-0"]
[WhiteElo "1877"]
[BlackElo "1985"]
[PlyCount "0"]
[EventDate "2024.08.10"]
[EventRounds "9"]
[EventCountry "CZE"]

1. d4 d6 2. e4 g6 3. Bg5 Bg7 4. c3 c5 5. dxc5 dxc5 6. Qxd8+ Kxd8 7. Na3 a6 8. Nc4
Kc7 9. Bf4+ Kc6 10. Nf3 f6 11. e5 b5 12. exf6 exf6 13. Nd6 Be6 14. a4 b4 15. cxb4
g5 16. b5+ Kd7 17. Bg3 h5 18. h4 g4 19. Nd2 f5 20. N2c4 Bxc4 21. Nxc4 Ke6 22. O-O-O
Bh6+ 23. f4 axb5 24. Re1+ Kf6 25. Nb6 Rxa4 26. Nxa4 bxa4 27. Bc4 Bf8 28. Re6+ Kg7
29. Be1 Rh6 30. Bc3+ Kh7 31. Re8 Nd7 32. Bxg8+ Kxg8 33. Rd1 Kf7 34. Ra8 Bd6 35. g3
Ke7 36. Rxa4 Re6 37. Ra7 Ke8 38. Rd5 Nf6 39. Rxf5 Ne4 40. Rxh5 Nxg3 41. Rh8+ Bf8
42. Ra8+ Kd7 43. Rhxf8 Ne2+ 44. Kc2 g3 45. Rf7+ Re7 46. Ra7+ Kd6 47. Raxe7 g2 48.
Rd7+ Kc6 49. Rd1  1-0

[Event "Olomouc Chess Summer 2024 - D2"]
[Site "Olomouc (CZE), Hotel Flora"]
[Date "2024.08.11"]
[Round "2"]
[Board "9"]
[White "Spanton, Tim R"]
[Black "Tejkal, Jiri"]
[Result "1-0"]
[WhiteElo "1980"]
[BlackElo "1882"]
[PlyCount "0"]
[EventDate "2024.08.10"]
[EventRounds "9"]
[EventCountry "CZE"]

1. e4 c5 2. Nf3 Nc6 3. Bb5 d6 4. d4 cxd4 5. Qxd4 Qa5+ 6. Nc3 Qxb5 7. Nxb5 Nxd4 8.
Nfxd4 Kd8 9. Be3 Nf6 10. f3 Bd7 11. a4 g6 12. O-O Bg7 13. Rfd1 Ne8 14. c3 a6 15.
Na3 Bxa4 16. b3 Bd7 17. Nc4 Nc7 18. Nb6 Rb8 19. c4 Ne6 20. Rac1 Ke8 21. b4 Nxd4 22.
Bxd4 Bxd4+ 23. Rxd4 Bc6 24. Rb1 Kf8 25. b5 axb5 26. cxb5 Be8 27. Rc4 e6 28. Rc7 Kg7
29. Nc8 d5 30. exd5 exd5 31. Ne7 d4 32. Nd5 d3 33. Rc3 Bd7 34. Nb6 Be6 35. Rd1 Rhd8
36. Rcxd3 Rxd3 37. Rxd3 Kf6 38. Nd7+ Bxd7 39. Rxd7 Ke6 40. Rc7 b6 41. Kf2 Rd8 42.
Rb7 Rd6 43. g4 g5 44. Ke3 h6 45. Ke4 Kf6 46. f4 gxf4 47. Kxf4 Rd4+ 48. Ke3 Rd6 49.
h4 Kg6 50. Rc7 Kf6 51. Ke4 Ke6 52. h5 Kf6 53. Rc6 Re6+ 54. Kf4 Ke7 55. Rxe6+ fxe6
56. g5 hxg5+ 57. Kxg5 Kf7 58. h6  1-0

[Event "Olomouc Chess Summer 2024 - D2"]
[Site "Olomouc (CZE), Hotel Flora"]
[Date "2024.08.11"]
[Round "2"]
[Board "10"]
[White "Tryhuba, Jaroslav"]
[Black "Mlynek, Petr"]
[Result "0-1"]
[WhiteElo "1867"]
[BlackElo "1979"]
[PlyCount "0"]
[EventDate "2024.08.10"]
[EventRounds "9"]
[EventCountry "CZE"]

1. d4 d5 2. c4 c6 3. cxd5 cxd5 4. Nc3 Nc6 5. Bf4 Nf6 6. e3 e6 7. Bd3 Be7 8. Nf3 O-O
9. a3 Bd7 10. Rc1 a6 11. O-O Nh5 12. Bg3 f5 13. Ne5 Nxg3 14. hxg3 Nxe5 15. dxe5 b5
16. Ne2 Qb6 17. Nd4 Rac8 18. Qd2 Qb8 19. f4 Bc5 20. b4 Bb6 21. Be2 Qa7 22. g4 fxg4
23. Bxg4 Rc4 24. Rfd1 Rfc8 25. Rc2  0-1

[Event "Olomouc Chess Summer 2024 - D2"]
[Site "Olomouc (CZE), Hotel Flora"]
[Date "2024.08.11"]
[Round "2"]
[Board "11"]
[White "Ortoft, Kai"]
[Black "Tylecek, Drahomir"]
[Result "1/2-1/2"]
[WhiteElo "1968"]
[BlackElo "1881"]
[PlyCount "0"]
[EventDate "2024.08.10"]
[EventRounds "9"]
[EventCountry "CZE"]

1. Nf3 Nf6 2. c4 e6 3. g3 b6 4. Bg2 Bb7 5. O-O Be7 6. Nc3 O-O 7. d4 Ne4 8. Qc2 Nxc3
9. bxc3 d6 10. Ng5 Bxg5 11. Bxb7 Bxc1 12. Bxa8 Bg5 13. Bg2 Nd7 14. f4 Bf6 15. e3
Re8 16. Bc6 Re7 17. Rad1 g6 18. e4 Nb8 19. Ba4 Qc8 20. e5 Bg7 21. Qe2 Nd7 22. Rd2
Nf8 23. Bc6 Nd7 24. Qe4 Nb8 25. Ba4 Nd7 26. Qf3 Nf8 27. Bc2 Re8 28. Qc6 Rd8 29. Rfd1
Bh6 30. h4 Bg7 31. Be4 a5 32. Qb7 Qd7 33. Qc6 Qe7 34. a4 h6  1/2-1/2

[Event "Olomouc Chess Summer 2024 - D2"]
[Site "Olomouc (CZE), Hotel Flora"]
[Date "2024.08.11"]
[Round "2"]
[Board "12"]
[White "Lexa, Vaclav"]
[Black "Green, Per"]
[Result "0-1"]
[WhiteElo "1844"]
[BlackElo "1960"]
[PlyCount "0"]
[EventDate "2024.08.10"]
[EventRounds "9"]
[EventCountry "CZE"]

1. d4 Nf6 2. c4 e6 3. Nc3 Bb4 4. e3 O-O 5. Bd3 d5 6. Nge2 dxc4 7. Bxc4 c5 8. O-O
cxd4 9. exd4 h6 10. Bf4 a6 11. Qc2 b5 12. Bb3 Bb7 13. Rad1 Qc8 14. Qd3 Rd8 15. Bc2
Qc6 16. f3 Nbd7 17. Ne4 Rac8 18. Bb1 Qc4 19. Qe3 Nd5 20. Qf2 Nxf4 21. Nxf4 Nf8 22.
Kh1 Qc7 23. Nd3 Be7 24. Ndc5 Qb6 25. Nxb7 Qxb7 26. Nc5 Qb6 27. b4 Rc7 28. Qg3 a5
29. a3 axb4 30. axb4 Ra7 31. Qe5 Bf6 32. Qe3 Qd6 33. Ne4 Qe7 34. Nc3 Qxb4 35. Ne2
Rad7 36. Be4 Bxd4 37. Nxd4 Rxd4 38. Rb1 Qc5 39. Qb3 b4 40. h3 Qe5 41. Rbe1 Qg3 42.
Re2 Rd2 43. Qe3 Rxe2 44. Qxe2 Qd6 45. Bc2 Qd2 46. Qc4 Qc3 47. Bb3 Rc8 48. Qxc3 bxc3
49. Kg1 Nd7 50. Rc1 Ne5 51. Kf1 Nd3 52. Rc2 Nb4 53. Rc1 Kf8 54. Ke2 e5 55. Ra1 Nc6
56. Kd3 Nd4 57. Bc2 Rc7 58. Ra4 Ke7 59. f4 f6 60. fxe5 fxe5 61. Ra5 Kf6 62. Ra1 Kg5
63. Re1 Rc5 64. Re4 Kf6 65. Re1 Ne6 66. Rf1+ Nf4+ 67. Ke3 Kg5 68. Kf3 Rb5 69. h4+
Kf6 70. g3 Nd5 71. Ke2+ Ke7 72. Kd3 Rb2 73. Rc1 Nb4+ 74. Kxc3 Rxc2+ 75. Rxc2 Nxc2
76. Kxc2 Kd6  0-1

[Event "Olomouc Chess Summer 2024 - D2"]
[Site "Olomouc (CZE), Hotel Flora"]
[Date "2024.08.11"]
[Round "2"]
[Board "13"]
[White "Keprt, Pavel"]
[Black "Fiala, Jiri"]
[Result "1-0"]
[WhiteElo "1954"]
[BlackElo "1855"]
[PlyCount "0"]
[EventDate "2024.08.10"]
[EventRounds "9"]
[EventCountry "CZE"]

1. e4 c5 2. f4 Nc6 3. Nf3 a6 4. c3 e6 5. g3 g6 6. Bg2 Bg7 7. d3 Nge7 8. O-O O-O 9.
Qe2 d5 10. Na3 d4 11. c4 Rb8 12. Bd2 Bd7 13. Kh1 Qb6 14. b3 Nb4 15. g4 Rfe8 16. Ne5
Bc8 17. Be1 Nec6 18. Nxc6 Nxc6 19. Nc2 Bd7 20. Bh4 f5 21. gxf5 exf5 22. e5 Be6 23.
Ne1 h6 24. Bd5 Nb4 25. Qg2 Kh7 26. Rg1 Bg8 27. e6 Rxe6 28. Bxe6 Qxe6 29. Rd1 Bf7
30. Nf3 Be8 31. Rge1 Qd6 32. Bg3 Bc6 33. Rd2 a5 34. a3 Na6 35. Kg1 b5 36. Rde2 Nc7
37. Re7 bxc4 38. bxc4 Re8 39. Rxe8 Nxe8 40. Qe2 Nf6 41. Ne5 Ba8 42. h3 Nh5 43. Kh2
Bxe5 44. fxe5 Qc6 45. e6 Nxg3 46. Kxg3 f4+ 47. Kxf4 Qd6+ 48. Qe5 Qc6 49. Re4 Qe8
50. Qc7+ Kh8 51. Re5  1-0

[Event "Olomouc Chess Summer 2024 - D2"]
[Site "Olomouc (CZE), Hotel Flora"]
[Date "2024.08.11"]
[Round "2"]
[Board "14"]
[White "Franc, Lubor"]
[Black "Marek, Jiri"]
[Result "1-0"]
[WhiteElo "1838"]
[BlackElo "1948"]
[PlyCount "0"]
[EventDate "2024.08.10"]
[EventRounds "9"]
[EventCountry "CZE"]

1. e4 c5 2. Nf3 Nc6 3. d4 cxd4 4. Nxd4 Nf6 5. Nc3 e5 6. Ndb5 d6 7. Bg5 a6 8. Bxf6
gxf6 9. Na3 b5 10. Nd5 Be6 11. c3 Bg7 12. Nc2 O-O 13. Nce3 Ne7 14. Bd3 Ng6 15. Qf3
Ra7 16. h4 Bxd5 17. exd5 e4 18. Bxe4 Re8 19. h5 Ne5 20. Qf5 Nc4 21. Qxh7+ Kf8 22.
Nxc4 Rxe4+ 23. Ne3 f5 24. h6 Be5 25. Qxf5 Rf4 26. h7 Rh4 27. Rxh4 Qxh4 28. Qc8+  1-0

[Event "Olomouc Chess Summer 2024 - D2"]
[Site "Olomouc (CZE), Hotel Flora"]
[Date "2024.08.11"]
[Round "2"]
[Board "15"]
[White "Weiss, Pavel"]
[Black "Siebenburger, Vlastimil"]
[Result "0-1"]
[WhiteElo "1655"]
[BlackElo "1943"]
[PlyCount "0"]
[EventDate "2024.08.10"]
[EventRounds "9"]
[EventCountry "CZE"]

1. e4 c5 2. b3 Nc6 3. Nf3 e5 4. d3 d6 5. h3 f5 6. Nc3 Nd4 7. Bd2 Nf6 8. Nd5 f4 9.
Nxf6+ Qxf6 10. c3 Ne6 11. Nh2 h5 12. Qe2 b5 13. O-O-O a5 14. d4 cxd4 15. Qxb5+ Bd7
16. Qb7 Rc8 17. Bb5 Qd8 18. Qxd7+ Qxd7 19. Bxd7+ Kxd7 20. c4 Nc5 21. Rhf1 a4 22.
Kc2 axb3+ 23. axb3 Nxe4 24. Ra1 d5 25. Ra7+ Ke6 26. Rfa1 dxc4 27. bxc4 Rxc4+ 28.
Kd3 Nxd2 29. Kxd2 e4 30. R1a6+ Bd6 31. Rxg7 Rhc8 32. Rg6+ Kf7 33. Rgxd6 Rc2+ 34.
Kd1 Rc1+ 35. Kd2 R8c2#  0-1

[Event "Olomouc Chess Summer 2024 - D2"]
[Site "Olomouc (CZE), Hotel Flora"]
[Date "2024.08.11"]
[Round "2"]
[Board "16"]
[White "Urban, Zdenek"]
[Black "Hlousek, Milan"]
[Result "1-0"]
[WhiteElo "2167"]
[BlackElo "1793"]
[PlyCount "0"]
[EventDate "2024.08.10"]
[EventRounds "9"]
[EventCountry "CZE"]

1. d4 d6 2. e4 Nf6 3. Nc3 g6 4. Nf3 Bg7 5. h3 c6 6. Be3 O-O 7. Qd2 a5 8. Bd3 Na6
9. a3 b5 10. Ne2 Nc7 11. O-O Bd7 12. Bh6 Re8 13. Bxg7 Kxg7 14. e5 Nfd5 15. Ng3 c5
16. dxc5 dxc5 17. c4 bxc4 18. Bxc4 e6 19. Rfd1 Bb5 20. Rac1 Qe7 21. Qc2 Rab8 22.
Bxd5 Nxd5 23. Qxc5 Qxc5 24. Rxc5 Be2 25. Nxe2 Rxb2 26. Nc3 Nf4 27. Rd7 Rb3 28. Ne4
Rxa3 29. Rcc7 Nxh3+ 30. Kh2  1-0

[Event "Olomouc Chess Summer 2024 - D2"]
[Site "Olomouc (CZE), Hotel Flora"]
[Date "2024.08.11"]
[Round "2"]
[Board "17"]
[White "Novak, Borivoj"]
[Black "Beil, Zdenek"]
[Result "0-1"]
[WhiteElo "1734"]
[BlackElo "2185"]
[PlyCount "0"]
[EventDate "2024.08.10"]
[EventRounds "9"]
[EventCountry "CZE"]

1. c4 c6 2. d4 d5 3. cxd5 cxd5 4. Nf3 Nf6 5. Nc3 Nc6 6. g3 g6 7. Bg2 Bg7 8. O-O O-O
9. Bf4 Ne4 10. Nxe4 dxe4 11. Ne5 Nxd4 12. Bxe4 g5 13. Nxf7 Rxf7 14. Bxg5 Bg4 15.
f3 Bh3 16. Re1 Bf5 17. Bxf5 Nxf5 18. Qb3 Qd4+ 19. Kg2 h6 20. Rad1 Qxb2 21. Qxb2 Bxb2
22. e4 hxg5 23. exf5 Ba3 24. g4 Rc8 25. Re2 Bd6 26. Rd5 Rc5 27. Rxc5 Bxc5 28. Re6
Rf6 29. f4 Rxe6 30. fxe6 gxf4 31. h4 b5 32. g5 b4 33. Kf3 Bd6 34. Kg4 a5 35. h5 a4
36. h6 b3 37. axb3 axb3 38. g6 b2  0-1

[Event "Olomouc Chess Summer 2024 - D2"]
[Site "Olomouc (CZE), Hotel Flora"]
[Date "2024.08.11"]
[Round "2"]
[Board "19"]
[White "Brousek, Jiri"]
[Black "Hermansen, Henning W."]
[Result "1-0"]
[WhiteElo "1822"]
[BlackElo "1916"]
[PlyCount "0"]
[EventDate "2024.08.10"]
[EventRounds "9"]
[EventCountry "CZE"]

1. d4 Nf6 2. Nf3 b6 3. e3 Bb7 4. Bd3 d6 5. O-O g6 6. c4 Bg7 7. Nc3 O-O 8. e4 Nbd7
9. h3 c5 10. d5 Qc7 11. Bf4 a6 12. Re1 Rfe8 13. e5 Nh5 14. exd6 exd6 15. Bh2 Rac8
16. Ne4 Ne5 17. g4 Nf6 18. Nxd6 Nfxg4 19. Bxe5 Rxe5 20. Nxc8 Bxc8 21. hxg4 Bxg4 22.
Rxe5 Bxe5 23. Qe2 Bh2+ 24. Kg2 Qd6 25. Qe8+ Kg7 26. Nxh2 Bd7 27. Qe3 b5 28. cxb5
axb5 29. Re1 Qxd5+ 30. f3 Qxa2 31. Qe5+ Kh6 32. Ng4+  1-0

[Event "Olomouc Chess Summer 2024 - D2"]
[Site "Olomouc (CZE), Hotel Flora"]
[Date "2024.08.11"]
[Round "2"]
[Board "20"]
[White "Bjornes, Leif"]
[Black "Kolmas, Oldrich"]
[Result "1/2-1/2"]
[WhiteElo "1909"]
[BlackElo "1746"]
[PlyCount "0"]
[EventDate "2024.08.10"]
[EventRounds "9"]
[EventCountry "CZE"]

1. d4 Nf6 2. c4 g6 3. Nc3 Bg7 4. e4 d6 5. f3 O-O 6. Be3 e5 7. Nge2 exd4 8. Nxd4 Bd7
9. Qd2 Nc6 10. O-O-O a6 11. Be2 Nxd4 12. Bxd4 b5 13. Nd5 bxc4 14. Bxc4 Bb5 15. Qc3
Nxd5 16. Bxd5 Bxd4 17. Qxd4 Qg5+ 18. Qd2 Qxd2+ 19. Kxd2 Rad8  1/2-1/2

[Event "Olomouc Chess Summer 2024 - D2"]
[Site "Olomouc (CZE), Hotel Flora"]
[Date "2024.08.11"]
[Round "2"]
[Board "21"]
[White "Kunc, Miroslav"]
[Black "Musil, Vitezslav"]
[Result "0-1"]
[WhiteElo "1640"]
[BlackElo "1904"]
[PlyCount "0"]
[EventDate "2024.08.10"]
[EventRounds "9"]
[EventCountry "CZE"]

1. e4 e6 2. d4 c5 3. Nf3 cxd4 4. Nxd4 a6 5. Bd3 Nc6 6. Be3 Nge7 7. O-O Nxd4 8. Bxd4
Nc6 9. Bc3 b5 10. b3 d6 11. Nd2 Qc7 12. Nf3 Ne5 13. Bb4 Nxd3 14. cxd3 Be7 15. Rc1
Qd8 16. Nd4 Bf6 17. Bc3 Bb7 18. Ne2 e5 19. Ng3 Rc8 20. d4 O-O 21. dxe5 dxe5 22. Qxd8
Rfxd8 23. f3 g6 24. Bb2 Rd2 25. Rf2 Rxc1+ 26. Bxc1 Rd1+ 27. Rf1 Rxf1+ 28. Kxf1 Kf8
29. Kf2 Ke7 30. Ne2 Ke6 31. Ke3 Be7 32. Kd3 b4 33. Be3 Bc6 34. f4 Bb5+ 35. Kd2 Bc6
36. Kd3 f5 37. exf5+ gxf5 38. g3 Bb5+ 39. Kd2 Bxe2 40. Kxe2 e4 41. h3 h5 42. Bb6
Kd5 43. Ke3 Bf6 44. Ba7 Bb2 45. Ke2 Bc1 46. Bb6 h4 47. gxh4 Bxf4 48. Kf2 Be5 49.
h5 Ke6 50. Bc5 Bc3 51. Ke3 Ke5 52. h6 f4+ 53. Ke2 Kf6 54. Bf8 Kg6 55. Bd6 f3+ 56.
Ke3 Bd4+ 57. Kxe4 f2 58. Bxb4 Bb6  0-1